[Event "Crema op 22nd"]
[Site "Crema"]
[Date "2022.09.10"]
[Round "4"]
[White "Alberti, Diego"]
[Black "Distratis, Gianluca"]
[Result "1/2-1/2"]
[WhiteElo "1307"]
[BlackElo "1872"]
[PlyCount "77"]
[EventDate "2022.09.09"]
[EventType "swiss"]
[EventRounds "6"]
[EventCountry "ITA"]
[SourceTitle "CBM 210 Extra"]
[Source "ChessBase"]
[SourceDate "2022.11.30"]
[SourceVersion "1"]
[SourceVersionDate "2022.11.30"]
[SourceQuality "1"]

1. d4 Nf6 2. c4 g6 3. Nc3 Bg7 4. Nf3 0-0 5. e4 d6 6. Bg5 c5 7. d5 Nbd7 8. Be2 a6 9. 0-0 Rb8 10. a4 h6 11. Be3 Ng4 12. Qd2 Nxe3 13. Qxe3 e6 14. Qd2 e5 15. Ne1 f5 16. Nd3 f4 17. b4 cxb4 18. Nxb4 Nc5 19. Rab1 Bd7 20. Qa2 g5 21. f3 h5 22. Rb2 g4 23. Nd3 gxf3 24. Rxf3 Bg4 25. Nxc5 Bxf3 26. Ne6 Qh4 27. Nxf8 Bxf8 28. gxf3 Qe1+ 29. Bf1 Qxc3 30. Qb3 Qd4+ 31. Kh1 Be7 32. Rg2+ Kf7 33. Qc2 Rc8 34. Qb3 b6 35. Qb1 Bh4 36. Qb3 Bf2 37. Qd3 Qe3 38. Qd1 h4 39. Qe2 1/2-1/2

[Event "Crema op 22nd"]
[Site "Crema"]
[Date "2022.09.10"]
[Round "3"]
[White "Distratis, Gianluca"]
[Black "Redamante, Marzio"]
[Result "1-0"]
[WhiteElo "1872"]
[BlackElo "1442"]
[PlyCount "113"]
[EventDate "2022.09.09"]
[EventType "swiss"]
[EventRounds "6"]
[EventCountry "ITA"]
[SourceTitle "CBM 210 Extra"]
[Source "ChessBase"]
[SourceDate "2022.11.30"]
[SourceVersion "1"]
[SourceVersionDate "2022.11.30"]
[SourceQuality "1"]

1. e4 e5 2. Nf3 d6 3. d4 exd4 4. Qxd4 a6 5. Be3 Nc6 6. Qd2 Nf6 7. Nc3 Be7 8. 0-0-0 0-0 9. Bc4 Bg4 10. h3 Bh5 11. Rhe1 Re8 12. g4 Bg6 13. Bg5 h6 14. Bxh6 Na5 15. Bd3 gxh6 16. Qxh6 Bf8 17. Qg5 Nc6 18. h4 Nh7 19. Qxd8 Raxd8 20. h5 Bxh5 21. gxh5 Ne5 22. Rg1+ Kh8 23. Nxe5 Rxe5 24. Bc4 Bh6+ 25. Kb1 f6 26. Rd5 Ng5 27. f4 Rxd5 28. Bxd5 Nf3 29. Rg6 Bxf4 30. Rxf6 Nd2+ 31. Kc1 Bg5 32. Rg6 Nxe4+ 33. Kd1 Nxc3+ 34. bxc3 Bf4 35. Bxb7 a5 36. Rg4 Rf8 37. Bd5 Be5 38. Kd2 Rf2+ 39. Kd3 Rh2 40. Bf7 Rh3+ 41. Ke4 Rxc3 42. Rg2 Rg3 43. Rf2 Rg4+ 44. Kd5 c5 45. Kc6 Kg7 46. Bd5 Kh6 47. c4 Kxh5 48. Bf3 Kg5 49. Bxg4 Kxg4 50. Kb5 Bf4 51. Kxa5 Kf5 52. Kb5 Ke4 53. a4 Be3 54. Re2 Kd4 55. a5 Bf4 56. a6 d5 57. a7 1-0

[Event "Crema op 22nd"]
[Site "Crema"]
[Date "2022.09.09"]
[Round "2"]
[White "Liberto, Michele"]
[Black "Distratis, Gianluca"]
[Result "1-0"]
[WhiteElo "1459"]
[BlackElo "1872"]
[PlyCount "43"]
[EventDate "2022.09.09"]
[EventType "swiss"]
[EventRounds "6"]
[EventCountry "ITA"]
[SourceTitle "CBM 210 Extra"]
[Source "ChessBase"]
[SourceDate "2022.11.30"]
[SourceVersion "1"]
[SourceVersionDate "2022.11.30"]
[SourceQuality "1"]

1. e4 e6 2. d4 d5 3. Nc3 Nf6 4. e5 Nfd7 5. Nce2 c5 6. c3 Nc6 7. f4 cxd4 8. cxd4 f6 9. Nf3 Qb6 10. g3 Bb4+ 11. Bd2 0-0 12. Bh3 Bxd2+ 13. Qxd2 Nd8 14. 0-0 fxe5 15. fxe5 Nf7 16. Kg2 Nh6 17. Ng5 Nf5 18. Bxf5 Rxf5 19. Rxf5 exf5 20. Nf4 Qh6 21. Nxd5 Nf8 22. Ne7+ 1-0

[Event "Crema op 16th"]
[Site "Crema"]
[Date "2015.09.06"]
[Round "6"]
[White "Distratis, Gianluca"]
[Black "Colonetti, Fabio"]
[Result "1-0"]
[WhiteElo "1955"]
[BlackElo "1712"]
[PlyCount "61"]
[EventDate "2015.09.04"]
[EventType "swiss"]
[EventRounds "6"]
[EventCountry "ITA"]
[SourceTitle "EXT 2024"]
[Source "ChessBase"]
[SourceDate "2023.10.10"]
[SourceVersion "1"]
[SourceVersionDate "2023.10.10"]
[SourceQuality "1"]

1. e4 Nf6 2. e5 Nd5 3. d4 d6 4. Nf3 g6 5. Nc3 Nb6 6. Bf4 Bg7 7. Qd2 dxe5 8. Bxe5 0-0 9. Bxg7 Kxg7 10. 0-0-0 c6 11. h4 h5 12. Ne4 Nd5 13. Bd3 Qc7 14. Ne5 Nd7 15. Qg5 Nxe5 16. dxe5 Bf5 17. Ng3 Bxd3 18. Nxh5+ Kh7 19. Rxd3 Qb6 20. Nf4 Nb4 21. h5 Nxd3+ 22. Nxd3 Kg7 23. hxg6 Rh8 24. gxf7+ Kxf7 25. e6+ Kxe6 26. Qe5+ Kf7 27. Rxh8 Rxh8 28. Qxh8 Qa5 29. Ne5+ Ke6 30. Qg8+ Kd6 31. Nc4+ 1-0

[Event "Crema op 16th"]
[Site "Crema"]
[Date "2015.09.05"]
[Round "3"]
[White "Oteri, Aldo"]
[Black "Distratis, Gianluca"]
[Result "0-1"]
[WhiteElo "1783"]
[BlackElo "1955"]
[PlyCount "60"]
[EventDate "2015.09.04"]
[EventType "swiss"]
[EventRounds "6"]
[EventCountry "ITA"]
[SourceTitle "EXT 2024"]
[Source "ChessBase"]
[SourceDate "2023.10.10"]
[SourceVersion "1"]
[SourceVersionDate "2023.10.10"]
[SourceQuality "1"]

1. e4 d5 2. exd5 Nf6 3. Bc4 Nxd5 4. d4 Nb6 5. Bb3 g6 6. Nf3 Bg7 7. 0-0 0-0 8. h3 Nc6 9. Be3 e5 10. dxe5 Nxe5 11. Nxe5 Bxe5 12. Nc3 Qh4 13. Bc5 Rd8 14. Qe2 Qf4 15. g3 Qf5 16. Rad1 Bd7 17. Nd5 Nxd5 18. Rxd5 Re8 19. Qd2 Bc6 20. Rd3 Qxh3 21. Bd5 Bxd5 22. Rxd5 c6 23. Rd7 b6 24. Ba3 Qg4 25. Re1 Kg7 26. Kg2 Bxg3 27. Qd4+ Qxd4 28. Rxd4 Rxe1 29. Kxg3 h5 30. Be7 Rxe7 0-1

[Event "Crema op 16th"]
[Site "Crema"]
[Date "2015.09.04"]
[Round "2"]
[White "Distratis, Gianluca"]
[Black "Bontempi, Piero"]
[Result "0-1"]
[WhiteElo "1955"]
[BlackElo "2364"]
[PlyCount "56"]
[EventDate "2015.09.04"]
[EventType "swiss"]
[EventRounds "6"]
[EventCountry "ITA"]
[SourceTitle "EXT 2024"]
[Source "ChessBase"]
[SourceDate "2023.10.10"]
[SourceVersion "1"]
[SourceVersionDate "2023.10.10"]
[SourceQuality "1"]

1. e4 c5 2. c3 g6 3. d4 cxd4 4. cxd4 d5 5. e5 Bg7 6. Nc3 f6 7. Nf3 a6 8. h3 Nc6 9. Be3 e6 10. exf6 Nxf6 11. Bd3 0-0 12. Rc1 Nh5 13. Qd2 Qd6 14. Bh6 Rxf3 15. gxf3 Nxd4 16. Be2 Bxh6 17. Qxh6 Nf4 18. Rd1 Qe5 19. Rxd4 Qxd4 20. Qg5 Bd7 21. h4 h5 22. Bd1 Rc8 23. Bc2 Be8 24. Qe7 Qg7 25. Qd6 Qf6 26. Bb3 Rxc3 27. bxc3 Qxc3+ 28. Kd1 Qxf3+ 0-1

[Event "Crema op 15th"]
[Site "Crema"]
[Date "2013.09.01"]
[Round "5"]
[White "Tagliaferri, Valerio"]
[Black "Distratis, Gianluca"]
[Result "0-1"]
[WhiteElo "1862"]
[BlackElo "1970"]
[PlyCount "74"]
[EventDate "2013.08.30"]
[EventType "swiss"]
[EventRounds "6"]
[EventCountry "ITA"]
[SourceTitle "EXT 2015"]
[Source "ChessBase"]
[SourceDate "2014.11.20"]
[SourceVersion "1"]
[SourceVersionDate "2014.11.20"]
[SourceQuality "1"]

1. c4 e5 2. Nc3 d6 3. g3 f5 4. Bg2 Nf6 5. Nf3 Be7 6. d3 0-0 7. 0-0 c6 8. b4 Kh8 9. Rb1 Qe8 10. a4 Nbd7 11. Ng5 Qh5 12. h3 d5 13. Ne6 Rg8 14. Bf3 Qf7 15. Nc7 d4 16. Na2 Rb8 17. b5 Bd6 18. bxc6 bxc6 19. Rxb8 Nxb8 20. Nb5 cxb5 21. axb5 e4 22. Bg2 Bc5 23. Qa4 Nbd7 24. Nb4 Ne5 25. Bf4 Qe7 26. Bxe5 Qxe5 27. Nc6 Qc7 28. f4 exf3 29. Rxf3 Re8 30. Rf2 Nh5 31. b6 Bxb6 32. Nxa7 Bd7 33. Nb5 Qxg3 34. Qa6 Qb8 35. Bf3 Nf4 36. Rh2 Nxd3 37. exd3 Qg3+ 0-1

[Event "Crema op 15th"]
[Site "Crema"]
[Date "2013.08.31"]
[Round "4"]
[White "Distratis, Gianluca"]
[Black "Conti, Ferdinando"]
[Result "1-0"]
[WhiteElo "1970"]
[BlackElo "1734"]
[PlyCount "79"]
[EventDate "2013.08.30"]
[EventType "swiss"]
[EventRounds "6"]
[EventCountry "ITA"]
[SourceTitle "EXT 2015"]
[Source "ChessBase"]
[SourceDate "2014.11.20"]
[SourceVersion "1"]
[SourceVersionDate "2014.11.20"]
[SourceQuality "1"]

1. e4 c5 2. c3 Nf6 3. e5 Nd5 4. d4 cxd4 5. cxd4 d6 6. Nf3 Nc6 7. Bc4 Be6 8. Qb3 dxe5 9. Nxe5 Rb8 10. 0-0 a6 11. Nxc6 bxc6 12. Qa4 Qc7 13. g3 Nb6 14. Bf4 Nxa4 15. Bxc7 Bxc4 16. Rc1 Nxb2 17. Bxb8 e6 18. Nd2 Bd5 19. Rab1 Nd3 20. Rc3 Nb4 21. a3 Na2 22. Re3 Be7 23. Nb3 0-0 24. Ba7 a5 25. Nxa5 h6 26. Nb3 Ra8 27. Bc5 Bf6 28. Ra1 Rb8 29. Rxa2 Rxb3 30. Rxb3 Bxb3 31. Rb2 Bd5 32. a4 e5 33. dxe5 Bxe5 34. Rb6 Bc7 35. a5 Bc4 36. Rb4 Bb5 37. Rxb5 cxb5 38. a6 Bb8 39. a7 Bxa7 40. Bxa7 1-0

[Event "Crema op 15th"]
[Site "Crema"]
[Date "2013.08.31"]
[Round "3"]
[White "Dragojlovic, Andjelko"]
[Black "Distratis, Gianluca"]
[Result "1-0"]
[WhiteElo "2349"]
[BlackElo "1970"]
[PlyCount "119"]
[EventDate "2013.08.30"]
[EventType "swiss"]
[EventRounds "6"]
[EventCountry "ITA"]
[SourceTitle "EXT 2015"]
[Source "ChessBase"]
[SourceDate "2014.11.20"]
[SourceVersion "1"]
[SourceVersionDate "2014.11.20"]
[SourceQuality "1"]

1. e4 d5 2. exd5 Nf6 3. Nc3 Nxd5 4. Bc4 Nb6 5. Bb3 c5 6. Qh5 c4 7. Bxc4 Nxc4 8. Qb5+ Nc6 9. Qxc4 Bf5 10. d3 e6 11. Nf3 Be7 12. 0-0 0-0 13. a3 Rc8 14. Qf4 Bd6 15. Qg5 h6 16. Qxd8 Rfxd8 17. h3 Ne5 18. Nxe5 Bxe5 19. Bd2 Rd7 20. a4 Bf6 21. a5 a6 22. Ra4 Rc6 23. Rfa1 e5 24. Be3 Be6 25. Rb4 Bd8 26. Bb6 Be7 27. Re4 Bc5 28. Bxc5 Rxc5 29. Rb4 Bd5 30. Kf1 Bc6 31. Rc4 Rxc4 32. dxc4 Rd2 33. Rc1 e4 34. Ke1 e3 35. Ne2 Bxg2 36. fxe3 Rd6 37. Nf4 Be4 38. h4 g5 39. hxg5 hxg5 40. Nd5 g4 41. Nf4 Rh6 42. Kf2 Rh2+ 43. Kg3 Rd2 44. Kxg4 Bxc2 45. b4 Be4 46. c5 Rb2 47. Rc4 f5+ 48. Kg5 Rb3 49. Kf6 Rxe3 50. Rd4 Rf3 51. Ng6 Rd3 52. Rd6 Kh7 53. Nf4 Rg3 54. Rd7+ Kh6 55. Rd8 Kh7 56. Ne6 Rg6+ 57. Kf7 Rg4 58. Rd2 Rh4 59. Rd6 Rg4 60. Nf8+ 1-0

[Event "Crema op 14th"]
[Site "Crema"]
[Date "2012.09.02"]
[Round "5"]
[White "Gagliardi, Christian"]
[Black "Distratis, Gianluca"]
[Result "1-0"]
[WhiteElo "2217"]
[BlackElo "1962"]
[PlyCount "99"]
[EventDate "2012.08.31"]
[EventType "swiss"]
[EventRounds "6"]
[EventCountry "ITA"]
[SourceTitle "EXT 2014"]
[Source "ChessBase"]
[SourceDate "2013.11.20"]
[SourceVersion "1"]
[SourceVersionDate "2013.11.20"]
[SourceQuality "1"]

1. d4 Nf6 2. Nf3 g6 3. Bf4 Bg7 4. e3 0-0 5. Be2 d6 6. h3 Nbd7 7. 0-0 Re8 8. c3 e5 9. dxe5 dxe5 10. Nxe5 Nh5 11. Bxh5 Nxe5 12. Be2 Qe7 13. Nd2 Bf5 14. e4 Be6 15. Re1 Rad8 16. Qc2 c6 17. Be3 b6 18. a4 Qh4 19. Nf3 Nxf3+ 20. Bxf3 g5 21. Qe2 Bc8 22. Rad1 Be5 23. Rxd8 Rxd8 24. Rd1 Re8 25. Bg4 Bxg4 26. Qxg4 Qxg4 27. hxg4 h6 28. Rd7 Bb8 29. f3 c5 30. a5 Bg3 31. Kf1 bxa5 32. Bxc5 Rb8 33. Ba3 a6 34. Ke2 Bf4 35. Kd3 Kg7 36. Kc2 Rb6 37. Rd5 Rb5 38. c4 Rb6 39. Rxa5 Kf6 40. Rd5 Ke6 41. b3 Bg3 42. Bb2 f6 43. Bc3 Be5 44. Bxe5 fxe5 45. Kc3 Rb8 46. Ra5 Rb6 47. b4 Rc6 48. Rd5 Rc8 49. c5 Rc6 50. Kc4 1-0

[Event "Crema op 13th"]
[Site "Crema"]
[Date "2011.09.02"]
[Round "1"]
[White "Distratis, Gianluca"]
[Black "Raimondi, Celso"]
[Result "1/2-1/2"]
[WhiteElo "1948"]
[BlackElo "1651"]
[PlyCount "114"]
[EventDate "2011.09.02"]
[EventType "swiss"]
[EventRounds "6"]
[EventCountry "ITA"]
[SourceTitle "EXT 2022"]
[Source "ChessBase"]
[SourceDate "2021.10.06"]
[SourceVersion "1"]
[SourceVersionDate "2021.10.06"]
[SourceQuality "1"]

1. e4 c5 2. c3 d5 3. exd5 Qxd5 4. d4 e6 5. Nf3 Nc6 6. Be2 Nf6 7. 0-0 Be7 8. h3 0-0 9. Be3 cxd4 10. cxd4 a6 11. Nc3 Qa5 12. Qd2 Bb4 13. a3 Bxc3 14. bxc3 Ne4 15. Qc2 Nxc3 16. Bd3 Nd5 17. Bxh7+ Kh8 18. Bd2 Qc7 19. Be4 Nce7 20. Qxc7 Nxc7 21. Rab1 Ncd5 22. Bb4 Nxb4 23. Rxb4 Nd5 24. Bxd5 exd5 25. Rb6 Re8 26. Re1 Re6 27. Rexe6 fxe6 28. Ng5 Rb8 29. a4 Bd7 30. a5 Bc6 31. Nxe6 Re8 32. Nc5 Re1+ 33. Kh2 Ra1 34. Nxb7 Bxb7 35. Rxb7 Rxa5 36. Rb8+ Kh7 37. Rb6 Ra4 38. Kg3 Rxd4 39. Rxa6 g6 40. Kf3 Kh6 41. Ke3 Re4+ 42. Kd3 Kg5 43. Ra5 Re5 44. Kd4 Re2 45. Rxd5+ Kh4 46. Re5 Rxf2 47. Re4+ Kh5 48. g4+ Kh4 49. Re3 Rh2 50. Ke5 Rf2 51. Ke4 Rf8 52. Ra3 Rf1 53. Ke5 Rf8 54. Ra6 Kxh3 55. Rxg6 Kh4 56. g5 Kg4 57. Rg7 Rf5+ 1/2-1/2

[Event "Crema op 10th"]
[Site "Crema"]
[Date "2008.09.07"]
[Round "5"]
[White "Distratis, Gianluca"]
[Black "Castrogiovanni, Carlo"]
[Result "0-1"]
[WhiteElo "1873"]
[BlackElo "2055"]
[PlyCount "74"]
[EventDate "2008.09.05"]
[EventType "swiss"]
[EventRounds "6"]
[EventCountry "ITA"]
[SourceTitle "EXT 2011"]
[Source "ChessBase"]
[SourceDate "2010.11.26"]
[SourceVersion "1"]
[SourceVersionDate "2010.11.26"]
[SourceQuality "1"]

1. e4 c5 2. c3 d5 3. exd5 Qxd5 4. d4 Nf6 5. Nf3 g6 6. Be2 cxd4 7. cxd4 Bg7 8. Nc3 Qd8 9. 0-0 0-0 10. Bf4 a6 11. Qb3 Nbd7 12. Rac1 Nb6 13. h3 Nbd5 14. Bh2 b5 15. g4 Be6 16. Nxd5 Bxd5 17. Qe3 Ra7 18. Ne5 Qa8 19. Rc5 Ne4 20. Rxd5 Qxd5 21. Bf3 f6 22. Bxe4 Qxe4 23. Qb3+ e6 24. Qxe6+ Raf7 25. Qc6 Qxc6 26. Nxc6 Rc8 27. d5 Rd7 28. Rc1 Kh8 29. Re1 Bf8 30. Nb8 Rxd5 31. Nxa6 Rd2 32. Re6 Kg7 33. Nc7 Bc5 34. Rc6 Bxf2+ 35. Kf1 Kf7 36. Ra6 Bd4 37. Bf4 Rf2+ 0-1

[Event "Crema op 10th"]
[Site "Crema"]
[Date "2008.09.06"]
[Round "4"]
[White "Distratis, Gianluca"]
[Black "Mussap, Angelo"]
[Result "1-0"]
[WhiteElo "1873"]
[BlackElo "2056"]
[PlyCount "69"]
[EventDate "2008.09.05"]
[EventType "swiss"]
[EventRounds "6"]
[EventCountry "ITA"]
[SourceTitle "EXT 2011"]
[Source "ChessBase"]
[SourceDate "2010.11.26"]
[SourceVersion "1"]
[SourceVersionDate "2010.11.26"]
[SourceQuality "1"]

1. e4 d5 2. exd5 Qxd5 3. Nc3 Qa5 4. d4 c6 5. Nf3 Bg4 6. Be2 e6 7. h3 Bh5 8. 0-0 Nf6 9. Bf4 Bb4 10. Nb1 Nbd7 11. c3 Be7 12. g4 Bg6 13. Nbd2 h5 14. Nc4 Qd5 15. g5 Ne4 16. h4 Qf5 17. Bh2 Qh3 18. Ne3 f6 19. Re1 e5 20. Bf1 Qe6 21. d5 Qf7 22. dxc6 bxc6 23. Bh3 Rd8 24. Qa4 fxg5 25. Qxc6 g4 26. Nxe5 Qxf2+ 27. Kh1 0-0 28. Nxg6 Qf3+ 29. Bg2 Nf2+ 30. Kg1 Qf6 31. Qxf6 Bxf6 32. Nxf8 Rxf8 33. Bd6 Bxh4 34. Bxf8 Nxf8 35. Nf5 1-0

[Event "Crema op 10th"]
[Site "Crema"]
[Date "2008.09.06"]
[Round "3"]
[White "Martino, Antonio M"]
[Black "Distratis, Gianluca"]
[Result "1/2-1/2"]
[WhiteElo "2007"]
[BlackElo "1873"]
[PlyCount "33"]
[EventDate "2008.09.05"]
[EventType "swiss"]
[EventRounds "6"]
[EventCountry "ITA"]
[SourceTitle "EXT 2011"]
[Source "ChessBase"]
[SourceDate "2010.11.26"]
[SourceVersion "1"]
[SourceVersionDate "2010.11.26"]
[SourceQuality "1"]

1. d4 Nf6 2. Nf3 c5 3. g3 cxd4 4. Nxd4 e5 5. Nb3 d5 6. Bg2 Be6 7. 0-0 Nc6 8. Nc3 Be7 9. e4 d4 10. Ne2 0-0 11. f4 Qb6 12. Kh1 Ng4 13. fxe5 Rfd8 14. Nf4 Bxb3 15. Qxg4 Bxc2 16. Nh5 Bf8 17. Bf4 1/2-1/2

[Event "Crema op 10th"]
[Site "Crema"]
[Date "2008.09.05"]
[Round "2"]
[White "Distratis, Gianluca"]
[Black "Bertoletti, Vincenzo"]
[Result "1-0"]
[WhiteElo "1873"]
[BlackElo "1466"]
[PlyCount "49"]
[EventDate "2008.09.05"]
[EventType "swiss"]
[EventRounds "6"]
[EventCountry "ITA"]
[SourceTitle "EXT 2011"]
[Source "ChessBase"]
[SourceDate "2010.11.26"]
[SourceVersion "1"]
[SourceVersionDate "2010.11.26"]
[SourceQuality "1"]

1. e4 d5 2. exd5 Nf6 3. d4 Nxd5 4. c4 Nf6 5. Nf3 e6 6. Nc3 Bb4 7. Bd3 0-0 8. 0-0 a6 9. Bg5 Be7 10. Bc2 h6 11. Bh4 Nbd7 12. Qd3 Re8 13. Ne5 Nf8 14. Rae1 N6d7 15. Bxe7 Rxe7 16. f4 c5 17. d5 Nxe5 18. fxe5 exd5 19. cxd5 Qb6 20. Kh1 g6 21. e6 fxe6 22. Rxf8+ Kxf8 23. Qxg6 Qc7 24. d6 Qxd6 25. Rf1+ 1-0

[Event "Crema op 09th"]
[Site "Crema"]
[Date "2007.09.08"]
[Round "3"]
[White "Panizzi, Giuseppe"]
[Black "Distratis, Gianluca"]
[Result "1-0"]
[WhiteElo "2131"]
[BlackElo "1881"]
[PlyCount "37"]
[EventDate "2007.09.07"]
[EventType "swiss"]
[EventRounds "6"]
[EventCountry "ITA"]
[SourceTitle "EXT 2009"]
[Source "ChessBase"]
[SourceDate "2008.11.26"]
[SourceVersion "1"]
[SourceVersionDate "2008.11.26"]
[SourceQuality "1"]

1. Nf3 d6 2. d4 Bg4 3. e4 g6 4. Be3 Bg7 5. h3 Bxf3 6. Qxf3 c5 7. Bb5+ Nc6 8. c3 cxd4 9. cxd4 Qa5+ 10. Nc3 e6 11. 0-0 a6 12. Bxc6+ bxc6 13. d5 cxd5 14. exd5 e5 15. Ne4 Qc7 16. Rac1 Qd7 17. Rc6 f5 18. Nxd6+ Ke7 19. Bc5 1-0

[Event "Crema op 09th"]
[Site "Crema"]
[Date "2007.09.07"]
[Round "2"]
[White "Distratis, Gianluca"]
[Black "D'Apa, Massimo"]
[Result "1-0"]
[WhiteElo "1881"]
[BlackElo "1521"]
[PlyCount "61"]
[EventDate "2007.09.07"]
[EventType "swiss"]
[EventRounds "6"]
[EventCountry "ITA"]
[SourceTitle "EXT 2009"]
[Source "ChessBase"]
[SourceDate "2008.11.26"]
[SourceVersion "1"]
[SourceVersionDate "2008.11.26"]
[SourceQuality "1"]

1. e4 c5 2. c3 d5 3. exd5 Qxd5 4. d4 Nc6 5. Nf3 Bg4 6. Be2 Nf6 7. 0-0 e6 8. h3 Bh5 9. Be3 Be7 10. Na3 0-0 11. g4 Bg6 12. Nb5 Rac8 13. dxc5 Qxd1 14. Rfxd1 Ne4 15. Nd6 Rc7 16. Nxe4 Bxe4 17. b4 Bf6 18. Rac1 Rcc8 19. g5 Bxf3 20. Bxf3 Be7 21. Rd7 Ne5 22. Rxe7 Nxf3+ 23. Kg2 Nh4+ 24. Kf1 Rb8 25. Rd1 Nf5 26. Rc7 Nxe3+ 27. fxe3 Rfc8 28. Rdd7 Rxc7 29. Rxc7 a6 30. a4 g6 31. c6 1-0

[Event "Crema op 06th"]
[Site "Crema"]
[Date "2004.09.05"]
[Round "5"]
[White "Carini, Luca"]
[Black "Distratis, Gianluca"]
[Result "0-1"]
[WhiteElo "1625"]
[BlackElo "1814"]
[PlyCount "66"]
[EventDate "2004.09.03"]
[EventType "swiss"]
[EventRounds "6"]
[EventCountry "ITA"]
[SourceTitle "EXT 2007"]
[Source "ChessBase"]
[SourceDate "2006.11.23"]
[SourceVersion "1"]
[SourceVersionDate "2006.11.23"]
[SourceQuality "1"]

1. d4 Nf6 2. c4 c5 3. d5 b5 4. Nc3 a6 5. Qc2 d6 6. e4 b4 7. Nb1 g6 8. b3 Nxe4 9. Bb2 Nf6 10. Nd2 Bg7 11. Bd3 0-0 12. Ne2 Nbd7 13. f4 e6 14. dxe6 fxe6 15. 0-0-0 Bb7 16. Rhg1 Ng4 17. Bxg7 Kxg7 18. Ne4 d5 19. cxd5 exd5 20. Ng5 Qf6 21. Qb1 Rae8 22. Rdf1 Ne3 23. Rf2 c4 24. bxc4 dxc4 25. Be4 Nc5 26. Bxb7 Nd3+ 27. Kd2 Nxf2 28. Ne4 Nxe4+ 29. Bxe4 Nf5 30. Kc1 Nd4 31. Ng3 Qxf4+ 32. Kd1 c3 33. Qxb4 Qd2# 0-1

[Event "Crema op 06th"]
[Site "Crema"]
[Date "2004.09.05"]
[Round "6"]
[White "Distratis, Gianluca"]
[Black "Faraoni, Enrico"]
[Result "0-1"]
[WhiteElo "1814"]
[BlackElo "2178"]
[PlyCount "36"]
[EventDate "2004.09.03"]
[EventType "swiss"]
[EventRounds "6"]
[EventCountry "ITA"]
[SourceTitle "EXT 2007"]
[Source "ChessBase"]
[SourceDate "2006.11.23"]
[SourceVersion "1"]
[SourceVersionDate "2006.11.23"]
[SourceQuality "1"]

1. e4 c5 2. c3 e6 3. d4 d5 4. exd5 exd5 5. Nf3 Nc6 6. Bb5 Bd6 7. dxc5 Bxc5 8. 0-0 Nge7 9. Nbd2 0-0 10. Nb3 Bb6 11. Bg5 Qd6 12. Re1 f6 13. Bh4 Nf5 14. Bg3 Nxg3 15. hxg3 Bg4 16. Qd3 Ne5 17. Qd1 Nxf3+ 18. gxf3 Qxg3+ 0-1

[Event "Crema op 06th"]
[Site "Crema"]
[Date "2004.09.03"]
[Round "2"]
[White "Distratis, Gianluca"]
[Black "Agnelli, Francesco"]
[Result "0-1"]
[WhiteElo "1814"]
[BlackElo "2097"]
[PlyCount "66"]
[EventDate "2004.09.03"]
[EventType "swiss"]
[EventRounds "6"]
[EventCountry "ITA"]
[SourceTitle "EXT 2007"]
[Source "ChessBase"]
[SourceDate "2006.11.23"]
[SourceVersion "1"]
[SourceVersionDate "2006.11.23"]
[SourceQuality "1"]

1. e4 c5 2. c3 Nf6 3. e5 Nd5 4. d4 cxd4 5. Bc4 Nb6 6. Bb3 e6 7. Nf3 Be7 8. cxd4 d5 9. Nc3 Bd7 10. 0-0 Nc6 11. a3 Rc8 12. Qd3 Na5 13. Ba2 a6 14. b3 0-0 15. Bb2 Nc6 16. Rac1 f5 17. exf6 Bxf6 18. Bb1 g6 19. Ne2 Qe7 20. Nf4 Rce8 21. g3 Nc8 22. h4 Nd6 23. Rfe1 Qf7 24. Ng5 Bxg5 25. hxg5 Ne4 26. Kg2 Nxg5 27. Rh1 Ne4 28. Qe2 g5 29. Bxe4 dxe4 30. Rh5 gxf4 31. Rg5+ Kh8 32. d5+ e5 33. Qxe4 fxg3 0-1

[Event "Crema op 05th"]
[Site "Crema"]
[Date "2003.09.06"]
[Round "4"]
[White "Bignami, Venanzio"]
[Black "Distratis, Gianluca"]
[Result "0-1"]
[WhiteElo "1564"]
[BlackElo "1678"]
[PlyCount "120"]
[EventDate "2003.09.05"]
[EventType "swiss"]
[EventRounds "6"]
[EventCountry "ITA"]
[SourceTitle "EXT 2007"]
[Source "ChessBase"]
[SourceDate "2006.11.23"]
[SourceVersion "1"]
[SourceVersionDate "2006.11.23"]
[SourceQuality "1"]

1. e4 d5 2. exd5 Nf6 3. Bc4 Nxd5 4. d3 g6 5. Nf3 Bg7 6. 0-0 0-0 7. Re1 Nb6 8. Bb3 Nc6 9. c3 e5 10. Bg5 Qd6 11. h3 Bf5 12. Re3 Nd7 13. Nh4 Be6 14. Bxe6 Qxe6 15. d4 h6 16. Bf4 g5 17. d5 Qf6 18. Bh2 gxh4 19. dxc6 Qxc6 20. Qg4 Rfe8 21. Nd2 Rad8 22. Qxh4 Nc5 23. Nc4 Nd3 24. Rd1 Nf4 25. Bxf4 Rxd1+ 26. Kh2 Qxc4 27. Qg4 Rdd8 28. Rg3 Kf8 29. Qxg7+ Ke7 30. Qxe5+ Kd7 31. Qf5+ Qe6 32. Qb5+ Kc8 33. Qa5 Qb6 34. Qf5+ Rd7 35. Rd3 Red8 36. Rd4 Qxb2 37. Rc4 Kb8 38. Bxc7+ Rxc7 39. Qe5 Qb6 40. Rd4 Rxd4 41. cxd4 Qe6 42. Qh8+ Rc8 43. Qg7 Rd8 44. f4 a6 45. Qe5+ Qxe5 46. dxe5 Rd2 47. h4 Kc7 48. Kh3 Kd7 49. g3 Ke6 50. Kg4 Rd3 51. a4 b5 52. axb5 axb5 53. f5+ Kxe5 54. f6 b4 55. Kh5 Rxg3 56. Kxh6 Kxf6 57. h5 b3 58. Kh7 b2 59. h6 b1Q+ 60. Kh8 Qb8+ 0-1

[Event "Crema op 05th"]
[Site "Crema"]
[Date "2003.09.06"]
[Round "3"]
[White "Distratis, Gianluca"]
[Black "Marchesotti, Giovanni"]
[Result "1/2-1/2"]
[WhiteElo "1678"]
[BlackElo "1501"]
[PlyCount "58"]
[EventDate "2003.09.05"]
[EventType "swiss"]
[EventRounds "6"]
[EventCountry "ITA"]
[SourceTitle "EXT 2007"]
[Source "ChessBase"]
[SourceDate "2006.11.23"]
[SourceVersion "1"]
[SourceVersionDate "2006.11.23"]
[SourceQuality "1"]

1. e4 c5 2. c3 Nf6 3. e5 Nd5 4. Bc4 Nb6 5. Bb3 d5 6. d4 e6 7. Nf3 cxd4 8. cxd4 Be7 9. 0-0 0-0 10. Nc3 Bd7 11. Bc2 f5 12. exf6 Bxf6 13. Qd3 g6 14. Bh6 Bg7 15. Bxg7 Kxg7 16. Rae1 Nc6 17. a3 Nc4 18. Nd1 Nd6 19. Ne3 Nf7 20. Ng4 Rc8 21. Qd2 Qc7 22. Bb1 Rce8 23. h4 a6 24. Nfe5 Bc8 25. Nxg6 hxg6 26. Qd3 Nh8 27. h5 Qf4 28. Ne5 Nxe5 29. Rxe5 Rf5 1/2-1/2